000 00581nam a22001697a 4500
008 161007b xxu||||| |||| 00| 0 eng d
020 _a1592532594
050 _aNC 977 .H44 2006
100 _aHembree, Ryan
245 _aThe Complete Graphic Designer:
_ba guide to understanding graphics and visual communication/
_cRyan Hembree
260 _aGloucester Massachusetts:
_bRockport Publishers,
_c2006
300 _a192p.:
_bill.;
500 _aIncludes references.
650 _aGraphic arts
650 _aCommercial art
942 _2lcc
_cBOOKS
_hNC 977 .H44 2006
999 _c14738
_d14738